00905nam a2200253 4500003001100000005001700011008004100028022001300069040003900082041000800121082001600129110003500145245009100180260005300271300001400324650004900338650003700387700002900424700002400453856006100477942000700538952009100545999001500636LK-CoMWRAF20231118102251.0231118b2006 |||||||| |||| 00| 0 eng d a15609677 aLK-CoMWRAFdLK-CoMWRAFeLK-CoMWRAF aeng a305.42bWOM aWomen living under muslim laws aDossier 28:bA Collection of Articles: Exploring Secularisms, Religion, and Patriarchy aLondon: bWomen living under muslim laws, c2006 ax, 113 p. aMUSLIM WOMEN-Social conditions--Periodicals  aWomen (Islamic law)--Periodicals a Balchin, Cassandraeed. aMasters, Saraheed. uhttps://www.wluml.org/wp-content/uploads/2007/04/D28.pdf cBK 00104070aMAINbMAINd2023-11-18l0o305.42 WOMpRAF2974r2023-11-18w2023-11-18yBK c4136d4136